[Event "EIRCC 2019"]
[Site "Tallinn"]
[Date "2019.12.05"]
[Round "6.12"]
[White "Vorobjov, Pavel"]
[Black "Mamedov, Rauf"]
[Result "0-1"]
[WhiteElo "2304"]
[BlackElo "2679"]
[Annotator "RC"]
[PlyCount "56"]
[EventDate "2019.12.05"]
[EventType "swiss"]
[EventCountry "EST"]
[SourceTitle "playchess.com"]
[Source "ChessBase"]
[SourceQuality "1"]
[TimeControl "900+10"]

1. d4 {[%emt 0:00:00]} d6 {[%emt 0:00:00]} 2. e4 {[%emt 0:00:00]} g6 {[%emt 0:00:00]} 3. Nf3 {[%emt 0:00:08]} Bg7 {[%emt 0:00:00]} 4. Bc4 {[%emt 0:00:05]} c6 {[%emt 0:00:03]} 5. Bb3 {[%emt 0:00:12]} Nf6 {[%emt 0:00:07]} 6. Qe2 {[%emt 0:00:05]} O-O {[%emt 0:00:07]} 7. O-O {[%emt 0:00:19]} a5 {[%emt 0:00:01]} 8. e5 {[%emt 0:00:25]} Nd5 {[%emt 0:00:04]} 9. c4 {[%emt 0:00:10]} a4 {[%emt 0:00:19]} 10. Bd1 {[%emt 0:00:18]} Nc7 {[%emt 0:00:02]} 11. Nc3 {[%emt 0:00:38]} a3 {[%emt 0:00:00]} 12. bxa3 {[%emt 0:00:20]} Bg4 {[%emt 0:00:02]} 13. Bf4 {[%emt 0:02:32]} Ne6 {[%emt 0:00:04]} 14. Qe3 {[%emt 0:00:50]} Rxa3 {[%emt 0:00:05]} 15. Bg3 {[%emt 0:01:43]} Bxf3 {[%emt 0:00:37]} 16. Bxf3 {[%emt 0:00:13]} dxe5 {[%emt 0:00:02]} 17. dxe5 {[%emt 0:00:27]} Qa5 {[%emt 0:00:01]} 18. Rac1 {[%emt 0:00:36]} Nd7 {[%emt 0:00:00]} 19. Rfe1 {[%emt 0:00:32]} Ndc5 {[%emt 0:00:07]} 20. Bh4 {[%emt 0:02:30]} g5 {[%emt 0:01:38]} 21. Bxg5 {[%emt 0:00:27]} Nxg5 {[%emt 0:00:02]} 22. Qxg5 {[%emt 0:00:12]} Rxc3 {[%emt 0:00:03]} 23. Qd2 {[%emt 0:01:53]} Na4 {[%emt 0:00:04]} 24. Bh5 {[%emt 0:00:34]} Rd8 {[%emt 0:00:38]} 25. Qg5 {[%emt 0:00:26]} Rxc1 {[%emt 0:00:08]} 26. Bxf7+ {[%emt 0:00:06]} Kxf7 {[%emt 0:01:02]} 27. e6+ {[%emt 0:00:07]} Kg8 {[%emt 0:00:03]} 28. Qxa5 {[%emt 0:00:11]} b6 {[%emt 0:00:06]} 0-1

[Event "EIRCC 2019"]
[Site "Tallinn"]
[Date "2019.12.05"]
[Round "6.13"]
[White "Shvyrjov, Igor"]
[Black "Turov, Maxim"]
[Result "0-1"]
[WhiteElo "2296"]
[BlackElo "2647"]
[Annotator "TA"]
[PlyCount "102"]
[EventDate "2019.12.05"]
[EventType "swiss"]
[EventCountry "EST"]
[SourceTitle "playchess.com"]
[Source "ChessBase"]
[SourceQuality "1"]

{[%evp 13,102,0,14,10,14,4,14,1,14,12,12,8,11,0,20,18,20,-14,-1,-17,0,0,12,16,15,16,29,31,21,22,14,14,27,3,12,0,2,2,3,0,0,0,0,0,-9,-109,-109,-109,-109,-109,-109,-109,-109,-109,-109,-109,-109,-304,-304,-194,-109,-116,-116,-131,-131,-131,-118,-29951,-12202,-29957,-29960,-7921,-6532,-5179,-1777,-29971,-29974,-29972,-29975,-29975,-29976,-29976,-29977,-29977,-29973,-29980,-29981,-29981,-195,-29986,-29987]} 1. d4 Nf6 2. Nf3 g6 3. g3 Bg7 4. Bg2 O-O 5. O-O d5 6. c3 c6 7. Bf4 Bf5 8. Nbd2 {D02: 1 d4 d5 2 Nf3 sidelines, including 2...Nf6 3 g3 and 2...Nf6 3 Bf4} Nbd7 9. Qb3 Qb6 10. Ne5 {The position is equal.} a5 $146 (10... Nxe5 {looks sharper.} 11. Bxe5 Rfd8 12. Bf4 Nd7 13. e4 dxe4 14. Bxe4 Bh3) ({Predecessor:} 10... Rfe8 11. h3 Nxe5 12. Bxe5 Bh6 13. g4 Be6 14. e3 Nd7 15. Bg3 f5 16. gxf5 Bxf5 {½-½ (48) Sargissian,G (2672)-Saric,I (2669) Riadh 2017}) 11. Nxd7 Nxd7 12. e4 dxe4 13. Nxe4 Bxe4 14. Bxe4 a4 15. Qa3 Rfe8 16. Rfe1 Bf8 {...e5 is the strong threat.} 17. b4 $1 axb3 (17... e5 {is interesting.} 18. Be3 Qb5 19. Qc1 exd4 20. Bxd4 Bg7) 18. Qxb3 Qxb3 19. axb3 e6 20. Bf3 Nf6 21. h4 Nd5 22. Bd2 Bg7 23. Kg2 h5 24. Ra4 Rxa4 25. bxa4 Ra8 26. a5 Rxa5 27. c4 Ra2 28. cxd5 Rxd2 29. dxc6 (29. dxe6 $11 {keeps the balance.} fxe6 30. Rxe6) 29... bxc6 $17 30. Re2 Rxe2 31. Bxe2 Bxd4 {[%mdl 4096] Endgame KB-KB} 32. Bf3 c5 33. Be2 Kg7 34. Bc4 Kf6 35. f3 $2 (35. Bb5 $17) 35... Ke5 $19 36. Kf1 f6 (36... Be3 $19 37. Bb5 Kd4) 37. Ke2 g5 38. hxg5 fxg5 39. Kf1 Bc3 40. f4+ $2 {[%mdl 8192] [#]} (40. Kf2 $17) 40... gxf4 41. gxf4+ Kf5 42. Kg2 Bd2 43. Be2 h4 44. Kh3 Kxf4 45. Kxh4 e5 46. Kh3 {[#]} Ke3 $1 47. Bb5 Kf3 48. Kh2 Be3 49. Kh1 Bd4 50. Bc6+ e4 $2 (50... Kf2 {mates} 51. Bd5 Kg3 52. Ba8 c4 53. Bd5 c3 54. Be4 Kf4 55. Bc2 Ke3 56. Bb3 Kd3 57. Kg2 c2 58. Bxc2+ Kxc2 59. Kh3 Kd3 60. Kg3 e4 61. Kf4 e3 62. Kf5 e2 63. Ke6 e1=Q+ 64. Kd7 Qe5 65. Kc6 Qe7 66. Kb5 Qb7+ 67. Ka4 Kc4 68. Ka5 Qb5#) 51. Kh2 $2 (51. Bd5 $19) 51... c4 {Accuracy: White = 37%, Black = 69%.} 0-1

[Event "EIRCC 2019"]
[Site "Tallinn"]
[Date "2019.12.05"]
[Round "6.14"]
[White "Demidov, Mikhail"]
[Black "Papasimakopoulos, Alexandros"]
[Result "1-0"]
[WhiteElo "2635"]
[BlackElo "2399"]
[Annotator "TA"]
[PlyCount "89"]
[EventDate "2019.12.05"]
[EventType "swiss"]
[EventCountry "EST"]
[SourceTitle "playchess.com"]
[Source "ChessBase"]
[SourceQuality "1"]

{[%evp 14,89,35,34,109,63,77,64,58,78,66,54,62,68,91,85,151,119,112,94,226,216,211,210,212,218,212,154,313,304,348,369,317,305,280,264,289,275,456,454,483,278,523,524,534,522,661,632,610,600,566,581,647,570,597,589,595,593,584,532,604,582,585,577,622,621,1060,1049,1881,1345,1326,1254,1892,6087,5608,5405,5093,4810]} 1. e4 e6 2. d4 d5 3. Nd2 Nf6 4. e5 Nfd7 5. Bd3 c5 6. c3 Nc6 7. Ndf3 Be7 8. Ne2 f5 {C06: French Tarrasch: 3...Nf6 4 e5 Nfd7 5 Bd3 main lines} (8... b6 $14) (8... a5 9. O-O cxd4 10. cxd4 Nb6 11. Nc3 Bd7 12. a4 Nb4 13. Be2 Nc8 14. Be3 Na7 15. Nd2 O-O 16. f4 f5 17. exf6 Bxf6 18. Nf3 Nac6 {1-0 (47) Naiditsch,A (2704)-Bischoff,K (2519) Germany 2012}) 9. exf6 Nxf6 10. O-O O-O {White is slightly better.} 11. Re1 Bd6 12. Bf4 Bxf4 13. Nxf4 {Threatens to win with Ng5.} Qd6 {[#]} 14. g3 $146 ({Predecessor:} 14. Ne5 cxd4 15. cxd4 Kh8 16. Rc1 {1-0 (56) Polterauer,C (1858)-Lehaci,M (1577) Iasi 2014}) 14... Bd7 ({Better is} 14... cxd4 15. cxd4 Qb4) 15. Ne5 cxd4 16. cxd4 g5 (16... Rae8 $16) 17. Nxd7 $18 gxf4 18. Nxf8 Rxf8 19. Bf1 fxg3 20. fxg3 Kh8 $2 (20... e5 $16 {was necessary.} 21. dxe5 Nxe5) 21. Bg2 e5 22. dxe5 Nxe5 23. Rf1 d4 24. Qb3 ({Don't play} 24. Bxb7 $6 d3 $18) 24... d3 25. Qc3 ({Not} 25. Qxb7 Qd4+ 26. Kh1 Neg4 $16) 25... Neg4 $2 (25... Rd8 26. Rad1 b5) 26. Rf4 {Strongly threatening Rxg4.} Ne3 27. b4 (27. Bf3 $142) 27... Kg7 $2 (27... d2) 28. Bf3 {White is clearly winning.} Re8 {Now ...d2 and Black clings on.} 29. Re1 b5 {[#]} 30. Rd4 $1 Qb6 {And now ...Ned5 would win.} 31. Qc5 Qxc5 32. bxc5 Nf5 33. Rxe8 Nxd4 {[%mdl 4096] Endgame KRB-KNN} 34. Re7+ Kf8 35. Re3 d2 36. Bd1 a5 37. Rd3 Ne6 38. c6 Ne8 39. Rxd2 N8c7 40. Rd7 h6 41. Bb3 Ke8 42. Kf2 a4 43. Bxe6 Nxe6 44. Ke3 b4 45. Rb7 {Accuracy: White = 84%, Black = 28%.} 1-0

[Event "EIRCC 2019"]
[Site "Tallinn"]
[Date "2019.12.05"]
[Round "6.15"]
[White "Nasibullin, Iskander"]
[Black "Postny, Evgeny"]
[Result "1/2-1/2"]
[WhiteElo "2270"]
[BlackElo "2598"]
[Annotator "ChessBase"]
[PlyCount "94"]
[EventDate "2019.12.05"]
[EventType "swiss"]
[EventCountry "EST"]
[SourceTitle "playchess.com"]
[Source "ChessBase"]
[SourceQuality "1"]
[TimeControl "900+10"]

1. e4 {[%emt 0:01:57]} e5 {[%emt 0:00:00]} 2. Nf3 {[%emt 0:00:02]} Nc6 {[%emt 0:00:00]} 3. Bb5 {[%emt 0:00:01]} a6 {[%emt 0:00:00]} 4. Ba4 {[%emt 0:00:02]} Nf6 {[%emt 0:00:00]} 5. d3 {[%emt 0:00:01]} b5 {[%emt 0:00:00]} 6. Bb3 {[%emt 0:00:01]} Be7 {[%emt 0:00:04]} 7. O-O {[%emt 0:00:06]} d6 {[%emt 0:00:09]} 8. c3 {[%emt 0:00:01]} O-O {[%emt 0:00:03]} 9. Re1 {[%emt 0:00:03]} Na5 {[%emt 0:00:03]} 10. Bc2 {[%emt 0:00:01]} c5 {[%emt 0:00:02]} 11. Nbd2 {[%emt 0:00:02]} Nc6 {[%emt 0:00:09]} 12. Nf1 {[%emt 0:00:03]} Re8 {[%emt 0:00:04]} 13. Ng3 {[%emt 0:00:12]} g6 {[%emt 0:00:04]} 14. h3 {[%emt 0:00:06]} Bf8 {[%emt 0:00:16]} 15. d4 {[%emt 0:01:14]} cxd4 {[%emt 0:00:04]} 16. cxd4 {[%emt 0:00:03]} exd4 {[%emt 0:00:09]} 17. Nxd4 {[%emt 0:00:05]} Nxd4 {[%emt 0:00:03]} 18. Qxd4 {[%emt 0:00:05]} Bg7 {[%emt 0:00:03]} 19. Qd1 {[%emt 0:01:14]} Bb7 {[%emt 0:00:22]} 20. Bf4 {[%emt 0:01:22]} d5 {[%emt 0:00:06]} 21. e5 {[%emt 0:02:16]} Nd7 {[%emt 0:00:07]} 22. e6 {[%emt 0:00:29]} Rxe6 {[%emt 0:01:04]} 23. Rxe6 {[%emt 0:00:15]} fxe6 {[%emt 0:00:02]} 24. Qg4 {[%emt 0:00:08]} Qf6 {[%emt 0:01:26]} 25. Bg5 {[%emt 0:00:50]} Qf7 {[%emt 0:00:06]} 26. h4 {[%emt 0:00:45]} Ne5 {[%emt 0:01:34]} 27. Qe2 {[%emt 0:01:23]} Nc6 {[%emt 0:00:11]} 28. h5 {[%emt 0:01:41]} Nd4 {[%emt 0:00:04]} 29. Qd2 {[%emt 0:00:02]} Nxc2 {[%emt 0:00:15]} 30. Qxc2 {[%emt 0:00:02]} Rc8 {[%emt 0:00:12]} 31. Qd2 {[%emt 0:00:37]} e5 {[%emt 0:02:04]} 32. h6 {[%emt 0:00:17]} Bh8 {[%emt 0:01:40]} 33. Rc1 {[%emt 0:00:09]} Qe6 {[%emt 0:00:43]} 34. Rxc8+ {[%emt 0:00:18]} Qxc8 {[%emt 0:00:01]} 35. Qb4 {[%emt 0:00:19]} Qc7 {[%emt 0:00:25]} 36. a4 {[%emt 0:00:24]} bxa4 {[%emt 0:00:08]} 37. Qxa4 {[%emt 0:00:17]} Kf7 {[%emt 0:00:05]} 38. Qb4 {[%emt 0:00:46]} a5 {[%emt 0:01:48]} 39. Qb3 {[%emt 0:00:38]} Bc6 {[%emt 0:03:51]} 40. Ne4 {[%emt 0:00:41]} Ke8 {[%emt 0:00:29]} 41. Bf6 {[%emt 0:00:34]} a4 {[%emt 0:00:22]} 42. Qb4 {[%emt 0:01:19]} dxe4 {[%emt 0:00:25]} 43. Bxh8 {[%emt 0:00:03]} e3 {[%emt 0:00:48]} 44. fxe3 {[%emt 0:00:11]} Qd7 {[%emt 0:00:14]} 45. Qb8+ {[%emt 0:00:14]} Kf7 {[%emt 0:00:02]} 46. Qxe5 {[%emt 0:00:28]} Qd1+ {[%emt 0:00:02]} 47. Kh2 {[%emt 0:00:04]} Qh5+ {[%emt 0:00:05] Qd5+} 1/2-1/2

[Event "EIRCC 2019"]
[Site "Tallinn"]
[Date "2019.12.05"]
[Round "6.16"]
[White "Popov, Valerij"]
[Black "Frischmann, Rick"]
[Result "0-1"]
[WhiteElo "2583"]
[BlackElo "2375"]
[Annotator "ChessBase"]
[PlyCount "89"]
[EventDate "2019.12.05"]
[EventType "swiss"]
[EventCountry "EST"]
[SourceTitle "playchess.com"]
[Source "ChessBase"]
[SourceQuality "1"]
[TimeControl "900+10"]

1. Nf3 {[%emt 0:00:00]} Nc6 {[%emt 0:00:00]} 2. c4 {[%emt 0:00:02]} e5 {[%emt 0:00:04]} 3. Nc3 {[%emt 0:00:02]} Nf6 {[%emt 0:00:27]} 4. e3 {[%emt 0:00:13]} g6 {[%emt 0:01:14]} 5. d4 {[%emt 0:00:13]} exd4 {[%emt 0:00:03]} 6. exd4 {[%emt 0:00:03]} Bg7 {[%emt 0:00:59]} 7. d5 {[%emt 0:00:31]} Ne7 {[%emt 0:00:02]} 8. Be2 {[%emt 0:01:47]} d6 {[%emt 0:00:26]} 9. h3 {[%emt 0:00:05]} O-O {[%emt 0:00:07]} 10. O-O {[%emt 0:00:02]} Re8 {[%emt 0:02:00]} 11. Bf4 {[%emt 0:00:12]} Nf5 {[%emt 0:03:02]} 12. g4 {[%emt 0:01:36]} Ne7 {[%emt 0:00:13]} 13. Bg3 {[%emt 0:00:57]} h5 {[%emt 0:01:34]} 14. Nh2 {[%emt 0:00:08]} hxg4 {[%emt 0:00:24]} 15. hxg4 {[%emt 0:00:02]} b6 {[%emt 0:01:06]} 16. Qd2 {[%emt 0:00:33]} Bb7 {[%emt 0:00:03]} 17. Rad1 {[%emt 0:00:14]} Qd7 {[%emt 0:00:13]} 18. b3 {[%emt 0:00:35]} Rad8 {[%emt 0:00:29]} 19. f4 {[%emt 0:01:10]} c6 {[%emt 0:00:15]} 20. Bh4 {[%emt 0:00:51]} cxd5 {[%emt 0:00:39]} 21. cxd5 {[%emt 0:00:06]} Nfxd5 {[%emt 0:02:06]} 22. Nxd5 {[%emt 0:00:16]} Bxd5 {[%emt 0:00:42]} 23. f5 {[%emt 0:00:14]} gxf5 {[%emt 0:00:29]} 24. gxf5 {[%emt 0:00:10]} Nxf5 {[%emt 0:00:10]} 25. Qxd5 {[%emt 0:03:01]} Nxh4 {[%emt 0:00:42]} 26. Bb5 {[%emt 0:00:01]} Qe7 {[%emt 0:01:09]} 27. Bxe8 {[%emt 0:00:12]} Rxe8 {[%emt 0:00:01]} 28. Kh1 {[%emt 0:00:37]} Be5 {[%emt 0:00:37]} 29. Ng4 {[%emt 0:01:30]} Kg7 {[%emt 0:00:17]} 30. Rd2 {[%emt 0:02:26]} Rh8 {[%emt 0:00:06]} 31. Kg1 {[%emt 0:00:09]} Ng6 {[%emt 0:00:19]} 32. Rdf2 {[%emt 0:00:02]} Rf8 {[%emt 0:00:03]} 33. Nf6 {[%emt 0:00:12]} Bxf6 {[%emt 0:00:03]} 34. Rxf6 {[%emt 0:00:01]} Qe3+ {[%emt 0:00:06]} 35. R1f2 {[%emt 0:00:08]} Ne5 {[%emt 0:00:23]} 36. Qg2+ {[%emt 0:00:29]} Kh7 {[%emt 0:00:11]} 37. Qh2+ {[%emt 0:00:04]} Kg7 {[%emt 0:00:01]} 38. Qg2+ {[%emt 0:00:17]} Kh7 {[%emt 0:00:01]} 39. R6f5 Ng6 {[%emt 0:00:15]} 40. Qh2+ {[%emt 0:00:22]} Kg7 {[%emt 0:00:03]} 41. Qxd6 {[%emt 0:00:08]} Qe1+ {[%emt 0:00:08]} 42. Kg2 {[%emt 0:00:01]} Nh4+ {[%emt 0:00:09]} 43. Kh3 {[%emt 0:00:10]} Nxf5 {[%emt 0:00:13]} 44. Rg2+ {[%emt 0:00:06]} Kh7 {[%emt 0:00:11]} 45. Qd3 {[%emt 0:00:05]} 0-1

[Event "EIRCC 2019"]
[Site "Tallinn"]
[Date "2019.12.05"]
[Round "6.17"]
[White "Stupak, Kirill"]
[Black "Duzhakov, Ilya"]
[Result "1/2-1/2"]
[WhiteElo "2552"]
[BlackElo "2351"]
[Annotator "ChessBase"]
[PlyCount "71"]
[EventDate "2019.12.05"]
[EventType "swiss"]
[EventCountry "EST"]
[SourceTitle "playchess.com"]
[Source "ChessBase"]
[SourceQuality "1"]
[TimeControl "900+10"]

1. d4 {[%emt 0:00:00]} Nf6 {[%emt 0:00:00]} 2. c4 {[%emt 0:00:00]} g6 {[%emt 0:00:11]} 3. Nc3 {[%emt 0:00:00]} d5 {[%emt 0:00:02]} 4. cxd5 {[%emt 0:00:01]} Nxd5 {[%emt 0:00:02]} 5. Nf3 {[%emt 0:00:01]} Bg7 {[%emt 0:00:03]} 6. Na4 {[%emt 0:00:08]} Bf5 {[%emt 0:00:45]} 7. Nh4 {[%emt 0:00:01]} Bd7 {[%emt 0:00:02]} 8. e4 {[%emt 0:00:09]} e5 {[%emt 0:00:02]} 9. Nf3 {[%emt 0:00:35]} exd4 {[%emt 0:00:02]} 10. exd5 {[%emt 0:00:31]} O-O {[%emt 0:00:02]} 11. Be2 {[%emt 0:01:24]} d3 {[%emt 0:00:41]} 12. Qxd3 {[%emt 0:00:17]} Bxa4 {[%emt 0:00:03]} 13. O-O {[%emt 0:00:14]} Re8 {[%emt 0:07:13]} 14. Be3 {[%emt 0:02:08]} c6 {[%emt 0:00:30]} 15. Qa3 {[%emt 0:00:46]} Bc2 {[%emt 0:00:06]} 16. Rac1 {[%emt 0:03:17]} Be4 {[%emt 0:00:22]} 17. d6 {[%emt 0:00:43]} Bf8 {[%emt 0:02:50]} 18. Qb3 {[%emt 0:01:08]} Qxd6 {[%emt 0:01:04]} 19. Bc4 {[%emt 0:02:41]} Qe7 {[%emt 0:01:57]} 20. Bc5 {[%emt 0:02:03]} Qf6 {[%emt 0:00:01]} 21. Bxf8 {[%emt 0:00:37]} Kxf8 {[%emt 0:01:12]} 22. Nd2 {[%emt 0:01:11]} b5 {[%emt 0:00:13]} 23. Nxe4 {[%emt 0:00:29]} Rxe4 {[%emt 0:00:10]} 24. Bxb5 {[%emt 0:00:07]} a5 {[%emt 0:00:32]} 25. Bd3 {[%emt 0:00:13]} Rb4 {[%emt 0:00:06]} 26. Qc2 {[%emt 0:00:07]} Rxb2 {[%emt 0:00:08]} 27. Qc5+ {[%emt 0:00:09]} Kg7 {[%emt 0:00:02]} 28. a4 {[%emt 0:00:20]} Nd7 {[%emt 0:00:29]} 29. Qe3 {[%emt 0:00:05]} Ne5 {[%emt 0:00:08]} 30. Be4 {[%emt 0:00:05]} Rd8 {[%emt 0:00:20]} 31. h3 {[%emt 0:00:14]} Rb4 {[%emt 0:00:19]} 32. Rc5 {[%emt 0:00:16]} Rdd4 {[%emt 0:00:05]} 33. Bc2 {[%emt 0:00:13]} Rdc4 {[%emt 0:00:01]} 34. Rxe5 {[%emt 0:00:11]} Rxc2 {[%emt 0:00:02]} 35. Rxa5 {[%emt 0:00:02]} Ra2 {[%emt 0:00:09]} 36. Rc5 {[%emt 0:00:19]} 1/2-1/2

[Event "EIRCC 2019"]
[Site "Tallinn"]
[Date "2019.12.05"]
[Round "6.18"]
[White "Chukavin, Kirill"]
[Black "Stocek, Jiri"]
[Result "1/2-1/2"]
[WhiteElo "2290"]
[BlackElo "2532"]
[Annotator "ChessBase"]
[PlyCount "117"]
[EventDate "2019.12.05"]
[EventType "swiss"]
[EventCountry "EST"]
[SourceTitle "playchess.com"]
[Source "ChessBase"]
[SourceQuality "1"]
[TimeControl "900+10"]

1. e4 {[%emt 0:00:00]} c5 {[%emt 0:00:00]} 2. Nf3 {[%emt 0:00:00]} d6 {[%emt 0:00:00]} 3. d4 {[%emt 0:00:00]} cxd4 {[%emt 0:00:00]} 4. Nxd4 {[%emt 0:00:00]} Nf6 {[%emt 0:00:00]} 5. Nc3 {[%emt 0:00:01]} Nc6 {[%emt 0:00:02]} 6. g3 {[%emt 0:00:01]} g6 {[%emt 0:00:14]} 7. Nde2 {[%emt 0:00:03]} Rb8 {[%emt 0:00:17]} 8. a4 {[%emt 0:00:06]} Bg7 {[%emt 0:00:38]} 9. Bg2 {[%emt 0:00:03]} O-O {[%emt 0:00:05]} 10. O-O {[%emt 0:00:02]} b6 {[%emt 0:00:09]} 11. Nd5 {[%emt 0:01:46]} Ba6 {[%emt 0:00:08]} 12. Re1 {[%emt 0:00:56]} Rc8 {[%emt 0:00:29]} 13. c3 {[%emt 0:01:06]} e6 {[%emt 0:02:06]} 14. Nxf6+ {[%emt 0:00:21]} Qxf6 {[%emt 0:00:06]} 15. f4 {[%emt 0:02:25]} Rfd8 {[%emt 0:00:14]} 16. Be3 {[%emt 0:02:36]} Na5 {[%emt 0:00:16]} 17. Bf2 {[%emt 0:00:35]} e5 {[%emt 0:01:12]} 18. Qc2 {[%emt 0:04:11]} Bc4 {[%emt 0:01:01]} 19. b4 {[%emt 0:01:20]} Nc6 {[%emt 0:00:18]} 20. f5 {[%emt 0:00:41]} d5 {[%emt 0:00:34]} 21. fxg6 {[%emt 0:00:59]} hxg6 {[%emt 0:00:26]} 22. exd5 {[%emt 0:00:16]} Bxd5 {[%emt 0:03:16]} 23. Bxd5 {[%emt 0:00:46]} Nxb4 {[%emt 0:00:06]} 24. Bxf7+ {[%emt 0:00:01]} Qxf7 {[%emt 0:00:02]} 25. Qb1 {[%emt 0:00:23]} Nd3 {[%emt 0:00:08]} 26. Rf1 {[%emt 0:00:01]} Qf3 {[%emt 0:00:56]} 27. Qa2+ {[%emt 0:00:24]} Qd5 {[%emt 0:00:08]} 28. Rfd1 {[%emt 0:00:18]} Qxa2 {[%emt 0:00:43]} 29. Rxa2 {[%emt 0:00:01]} e4 {[%emt 0:00:02]} 30. Bd4 {[%emt 0:00:06]} Ne5 {[%emt 0:00:09]} 31. a5 {[%emt 0:00:08]} b5 {[%emt 0:00:21]} 32. Kg2 {[%emt 0:00:06]} Nf3 {[%emt 0:00:22]} 33. Nf4 {[%emt 0:00:05]} Rc6 {[%emt 0:00:30]} 34. Re2 {[%emt 0:00:11]} b4 {[%emt 0:01:17]} 35. Rxe4 {[%emt 0:00:09]} bxc3 {[%emt 0:01:23]} 36. Kxf3 {[%emt 0:00:01]} c2 {[%emt 0:00:01]} 37. Rc1 {[%emt 0:00:04]} Rxd4 {[%emt 0:00:16]} 38. Rxd4 {[%emt 0:00:47]} Bxd4 {[%emt 0:00:01]} 39. Nd3 {[%emt 0:00:06]} Kf7 {[%emt 0:00:39]} 40. Ke4 {[%emt 0:00:13]} Bf6 {[%emt 0:00:04]} 41. Ne5+ {[%emt 0:00:08]} Bxe5 42. Kxe5 {[%emt 0:00:01]} Re6+ {[%emt 0:00:14]} 43. Kd4 {[%emt 0:00:12]} Re2 {[%emt 0:00:02]} 44. h4 {[%emt 0:00:23]} Rg2 {[%emt 0:00:02]} 45. Kc5 {[%emt 0:00:16]} Ke6 {[%emt 0:00:12]} 46. Kc6 {[%emt 0:00:05]} Ke5 {[%emt 0:00:10]} 47. g4 {[%emt 0:00:11]} Kd4 {[%emt 0:00:04]} 48. h5 {[%emt 0:00:04]} Kc3 {[%emt 0:00:32]} 49. hxg6 {[%emt 0:00:06]} Rxg4 {[%emt 0:00:03]} 50. Kb7 {[%emt 0:00:11]} Kb2 {[%emt 0:01:02]} 51. Rxc2+ {[%emt 0:00:06]} Kxc2 {[%emt 0:00:02]} 52. Kxa7 {[%emt 0:00:07]} Kc3 {[%emt 0:00:07]} 53. a6 {[%emt 0:00:03]} Rxg6 {[%emt 0:00:11]} 54. Kb7 {[%emt 0:00:02]} Kc4 {[%emt 0:00:05]} 55. a7 {[%emt 0:00:01]} Rg7+ {[%emt 0:00:11]} 56. Kb8 {[%emt 0:00:06]} Kb5 {[%emt 0:00:12]} 57. a8=Q {[%emt 0:00:03]} Rg8+ {[%emt 0:00:01]} 58. Kb7 {[%emt 0:00:01]} Rxa8 {[%emt 0:00:02]} 59. Kxa8 {[%emt 0:00:01]} 1/2-1/2

[Event "EIRCC 2019"]
[Site "Tallinn"]
[Date "2019.12.05"]
[Round "6.19"]
[White "Pershin, Denis"]
[Black "Nguyen, Thai Dai Van"]
[Result "0-1"]
[WhiteElo "2509"]
[BlackElo "2364"]
[Annotator "ChessBase"]
[PlyCount "62"]
[EventDate "2019.12.05"]
[EventType "swiss"]
[EventCountry "EST"]
[SourceTitle "playchess.com"]
[Source "ChessBase"]
[SourceQuality "1"]
[TimeControl "900+10"]

1. d4 {[%emt 0:00:00]} Nf6 {[%emt 0:00:00]} 2. c4 {[%emt 0:00:00]} e6 {[%emt 0:00:00]} 3. Nc3 {[%emt 0:00:00]} Bb4 {[%emt 0:00:00]} 4. Qc2 {[%emt 0:00:00]} d5 {[%emt 0:00:00]} 5. cxd5 {[%emt 0:00:00]} exd5 {[%emt 0:00:00]} 6. Bg5 {[%emt 0:00:03]} h6 {[%emt 0:00:06]} 7. Bh4 {[%emt 0:00:02]} Nc6 {[%emt 0:00:09]} 8. e3 {[%emt 0:00:11]} g5 {[%emt 0:00:03]} 9. Bg3 {[%emt 0:00:02]} h5 {[%emt 0:00:01]} 10. h4 {[%emt 0:00:01]} Ne4 {[%emt 0:00:09]} 11. Bh2 {[%emt 0:00:01]} gxh4 {[%emt 0:01:28]} 12. Bd3 {[%emt 0:00:39]} Qe7 {[%emt 0:01:53]} 13. a3 {[%emt 0:01:49]} Bxc3+ {[%emt 0:00:55]} 14. bxc3 {[%emt 0:00:02]} Rg8 {[%emt 0:03:04]} 15. Kf1 {[%emt 0:03:02]} Be6 {[%emt 0:03:01]} 16. Bf4 {[%emt 0:03:51]} O-O-O {[%emt 0:00:50]} 17. Nf3 {[%emt 0:00:06]} h3 {[%emt 0:00:05]} 18. gxh3 {[%emt 0:00:04]} Qd7 {[%emt 0:00:32]} 19. Ng1 {[%emt 0:00:24]} Bf5 {[%emt 0:00:29]} 20. c4 {[%emt 0:02:12]} Rde8 {[%emt 0:01:24]} 21. c5 {[%emt 0:00:42]} Na5 {[%emt 0:00:21]} 22. h4 {[%emt 0:04:46]} Nc4 {[%emt 0:00:12]} 23. Nf3 {[%emt 0:00:23]} Bh3+ {[%emt 0:00:14]} 24. Ke1 {[%emt 0:00:00]} Bg2 {[%emt 0:00:05]} 25. Ne5 {[%emt 0:00:33]} Nxe5 {[%emt 0:00:30]} 26. Bxe5 {[%emt 0:00:11]} Bxh1 {[%emt 0:00:01]} 27. Rb1 {[%emt 0:00:13]} Rg1+ {[%emt 0:00:04]} 28. Bf1 {[%emt 0:00:00]} Bg2 {[%emt 0:00:12]} 29. Ke2 {[%emt 0:00:20]} Qg4+ 30. Kd3 Bxf1+ {[%emt 0:00:16]} 31. Rxf1 {[%emt 0:00:02]} Rxf1 {[%emt 0:00:02]} 0-1